Gdańsk - prawda czy fałsz? - Statystyki

Ogólne statystyki
  • Ten quiz został rozwiązany 208 razy
    203 od ostatniego zresetowania
  • Średni wynik to 10 z 15
Statystyki odpowiedzi
Zagadnienie Odpowiedź % Poprawnych
Aleksandra Dulkiewicz to Aktualny prezydent miasta Prawda
96%
Gdańsk był wolnym miastem Prawda
91%
Lechia Gdańsk gra w Ekstraklasie Prawda
89%
Falowiec to najdluzszy budynek w Polsce Prawda
89%
Przez Gdańsk przepływa Odra Fałsz
87%
Gdańsk po pierwszej wojnie światowej w całości należał do Polski Fałsz
85%
Gdańsk posiada trolejbusy Fałsz
82%
Po upadku PRL zamknięto stocznie Gdańską Fałsz
76%
Jest 2 największym miastem w Polsce Fałsz
75%
W Gdańsku znajduje się największy port w Polsce Prawda
65%
W Gdańsku odbył się Finał Ligi Europy Prawda
58%
Gabriel Fahrenheit urodził się w Gdańsku Prawda
55%
Paweł Adamowicz został zabity na finale WOŚP w 2020 Fałsz
53%
Lech Wałęsa pochodzi z Gdańska Fałsz
18%
Aktualną rejestracją samochodowa Gdańska to GD Fałsz
16%
Nie znaleziono quizów pasujących do podanych kryteriów
Rozkład punktacji
Procent ludzi z każdym wynikiem
Percentyl według liczby udzielonych odpowiedzi
Twoja historia wyników
Nie rozwiązałeś tego quizu od ostatniego zresetowania